LEADER 01056nam a2200217 i 4500 001 000000059462 003 CaOOAMICUS 005 20230201110710.0 008 130520s1751 it u000 u lat u 026 $ae.u- n.do t.um stst (3) 1751 (R) 040 $aSeMil$bita 100 1 $aScarfantoni, Giovanni Giacomo,$d<1674-1748>.$0(OLS)http://semarc/name/12767 245 10$aPars 1. 300 $aVIII, 395, [1] p. 500 $aFront. stampato in rosso e nero 500 $aSegn.: a4 A-2A8 2B6 773 0 $aScarfantoni, Giovanni Giacomo <1674-1748>$tJoannis Jacobi Scarfantoni ... Animadversiones ad lucubrationes canonicales Francisci Ceccoperii de canonicorum praecedentia, officio in choro, ac circa sacrificium missae, necnon de eorum potestate in capitulo, ... Pars 1. [-3.].$dViterbii ; prostant Venetiis : In Typographia Balleoniana, 1751.$g1$w()28534 850 $aSeMil 852 $aSeMil$W1$xVenegono$y1$m2J VI 1 FA$j25615$B25615$CSeMilBibl$Z2$F25618 $8I 996 $6245$aPars 1$9(OLS)http://semarc/title/55907 LEADER 01217nam a2200277 i 4500 001 000000110023 003 CaOOAMICUS 005 20030916000000.0 008 030916s2002 it u000 u ita u 013 $a82704 020 $a88-464-3644-X 040 $aSeMil$bita 100 1 $aBovone, Laura <1946- >.$0(OLS)http://semarc/name/82076 245 10$aIntraprendere cultura :$brinnovare la cittą /$cLaura Bovone ... [et al.]. 260 $aMilano :$bFranco Angeli,$ccopyr. 2002. 300 $a270 p. ;$c23 cm. 490 0 $aProdurre cultura, creare comunicazione ;$v13 500 $aContiene : Bibliografia ; [3] Appendici. 650 4$aSettore terziario - Milano - 1990-2000 - Inchieste.$0(OLS)http://semarc/subject/19546 830 0$aProdurre cultura, creare comunicazione ;$v13.$0(OLS)http://semarc/title/10535 850 $aSeMil 852 $aSeMil$W1$xVenegono$y1$m3N VI 280$j65947$B65947$CSeMilBibl$Z2$F85612 $81 961 $aOmaggio: Colasanto Prof. Michele 996 $6020$a88-464-3644-X$9(OLS)http://semarc/number/91621 996 $6245$aIntraprendere cultura :$brinnovare la cittą$9(OLS)http://semarc/title/159862 996 $6260$aMilano :$bFranco Angeli$9(OLS)http://semarc/publisher/30369